000 00634nam a2200217 i 4500
001 bgj
100 1 _aCOOPER, Patricia
245 1 0 _aThe Quilters :
_bwomen and domestic art /
_cPatricia Cooper and Norma Bradley Buferd.
260 _aGarden City, NY :
_bDoubleday & Company, Inc.,
_c1977.
300 _a157 pp :
_bill. ;
_c20 cm.
505 _aIncludes index.
650 9 _aQuilting
_zTexas
650 9 _aQuilting
_zNew Mexico
700 1 _aBUFERD, Norma Bradley.
_eco-author
020 _a0385116853
040 _cBPK
041 0 _aeng
920 _a0-385-11685-3
942 _cKS
008 s uk f |000 0 eng
999 _c47875
_d47875
856 _uhttp://koha.tu.koszalin.pl/cgi-bin/koha/opac-detail.pl?biblionumber=47875
_yKatalog online BPK